000 00431nam a2200169Ia 4500
003 GCL
008 140319s9999 xx 000 0 eng d
040 _aGCL /
_cGCL
082 0 4 _a420
_bJ P
100 1 _aJONES, LEO
245 1 0 _aPROGRESS TO FIRST CERTIFICALE /
_cJONES, LEO
260 _a[S.N] :
_bCAMBRIBGE UNIVERSITY PRESS ،
_c1994
300 _a226 P
650 0 4 _aENGLISH LANGUAGE
650 0 4 _aENGLISH
942 _2ddc
_cBK
999 _c24358
_d24358